The authentic librettos of the French and German operas. : Complete with English and French or German texts and music of the principal airs.

Bibliographic Details
Format: Book
Language:English
French
German
Published: New York : Crown publishers, [1939]
Subjects:

MARC

Tag First Indicator Second Indicator Subfields
LEADER 00000cam a2200000 4500
001 in00000028772
005 20151007062831.0
008 731206s1939 nyu 00000 eng u
010 |a  39027891  
035 |a (OCoLC)00755780 
035 |9 AAD5901AM 
040 |c CWR  |d TXA  |d UtOrBLW 
041 0 |a eng  |a fre  |a ger 
049 |a TXAM  |c [158056] 
050 0 0 |a ML48  |b .A88 
092 |a 782.4  |b A939 
245 0 4 |a The authentic librettos of the French and German operas. :  |b Complete with English and French or German texts and music of the principal airs. 
264 1 |a New York :  |b Crown publishers,  |c [1939] 
264 4 |c [©1939] 
300 |a 5 pages ., 3-504 pages ;  |c 25 cm. 
336 |a text  |b txt  |2 rdacontent 
337 |a unmediated  |b n  |2 rdamedia 
338 |a volume  |b nc  |2 rdacarrier 
500 |a On cover: Librettos of the French and German operas. 
505 0 |a Carmen.- Faust.- Manon.- Tales of Hoffmann.- Lakme.- Hansel & Gretel.- Romeo & Juliet.- Fidelio.- The magic flute.- Mignon.- Samson & Delilah.- The bartered bride. 
650 0 |a Opera  |z France. 
650 0 |a Opera  |z Germany. 
650 0 |a Librettos. 
740 0 |a Librettos of the French and German operas. 
999 |a MARS 
999 f f |s 463a74a8-434d-35a0-90d6-ce779d487b79  |i 1936b241-0ca7-3657-9291-35d00164620c  |t 0 
952 f f |p ric  |a Texas A&M University  |b Rellis Campus  |c Joint Library Facility  |d Remote Storage  |t 0  |e ML48 .A88  |h Library of Congress classification  |i unmediated -- volume  |m A14807200153 
998 f f |a ML48 .A88  |t 0  |l Remote Storage